Ultimate Chainsaw Man Trivia - Statistics

General Stats
  • This quiz has been taken 839 times
    837 since last reset
  • The average score is 18 of 24
Answer Stats
Q Hint Answer % Correct
1 What's the name of the protagonist? Denji
99%
2 What did he sell to pay off part of his debt? (name one) Ball/eye/kidney
92%
4 What's the name of the chainsaw devil? Pochita
91%
7 What is the name of the red haired woman with yellow eyes? Makima
89%
11 Who is the protagonist's partner in crime? Power
88%
5 What profession does the protagonist adopt? Devil Hunter
84%
8 Who is "top knot"? Aki
83%
16 What devil is everyone out to kill? Gun Devil
83%
12 What kind of fiend is she? Blood
82%
17 How many members did special division 4 have? 6
80%
9 What devil was he originally contracted with? Fox Devil
77%
10 What devil is he contracted with now? Future Devil
77%
18 Where were special division 4 trapped? A hotel
76%
15 What devil was she contracted with? Ghost Devil
76%
14 Who threw up in the protagonist's mouth? Himeno
75%
22 The devil hybrid who attacked special division 4 is known as ____ Man Katana
73%
20 Who's parents forced her to get a job to pay for her brother to go to college? Kobeni
71%
13 What's the name of her cat? Meowy
71%
6 What is the first devil the protagonist kills? Tomato Devil
70%
3 Who did he owe money to? The Yakuza
66%
21 What alternative did she have to becoming a devil hunter Sex worker
61%
23 What devil is Sawatari contracted with? Snake Devil
61%
19 What trapped them there? Eternity Devil
57%
24 Who "trains" the characters from questions 1 and 11? Kishibe
57%
No matching quizzes found
Score Distribution
Percent of People with Each Score
Percentile by Number Answered
Your Score History
You have not taken this quiz since the last reset